[Event "Satu Mare Szabo Memorial"]
[Site "Satu Mare"]
[Date "2021.08.09"]
[Round "2"]
[White "Bumba, Ovidiu"]
[Black "Bonte, Andrei Mihai"]
[Result "0-1"]
[WhiteElo "1941"]
[BlackElo "2313"]
[PlyCount "80"]
[EventDate "2021.08.08"]
[EventType "swiss"]
[EventRounds "9"]
[EventCountry "ROU"]
[SourceTitle "CBM 203 Extra"]
[Source "ChessBase"]
[SourceDate "2021.09.30"]
[SourceVersion "1"]
[SourceVersionDate "2021.09.30"]
[SourceQuality "1"]

1. c4 Nf6 2. Nf3 c5 3. Nc3 e6 4. d4 cxd4 5. Nxd4 Nc6 6. e3 Be7 7. Be2 0-0 8. 0-0 d6 9. b3 a6 10. Bb2 e5 11. Nxc6 bxc6 12. e4 Qc7 13. Bf3 Rd8 14. Qe2 Nd7 15. Na4 Nf8 16. Rfd1 Ne6 17. g3 Rb8 18. Rac1 Bg5 19. Rc2 c5 20. Bc3 Bd7 21. Nb2 a5 22. Nd3 g6 23. Bg4 h5 24. Bxe6 Bxe6 25. f4 Bg4 26. Qe1 Bxd1 27. Bxa5 Qxa5 28. Qxa5 Bxc2 29. Ne1 exf4 30. gxf4 Bxb3 31. axb3 Bxf4 32. Nd3 Bg5 33. b4 Be3+ 34. Kg2 cxb4 35. Kf3 Bd4 36. Qd5 Bf6 37. Nf4 Kg7 38. Qd3 b3 39. Qb1 b2 40. Nd5 Be5 0-1